[Event "BCF-chT3N 1314 (4NCL)"]
[Site "England"]
[Date "2014.01.12"]
[Round "4.105"]
[White "Jamieson, Ian M"]
[Black "McCarthy, Damian"]
[Result "1/2-1/2"]
[WhiteElo "1988"]
[BlackElo "1895"]
[PlyCount "102"]
[EventDate "2013.11.16"]
[EventType "team-swiss"]
[EventRounds "6"]
[EventCountry "ENG"]
[SourceTitle "EXT 2015"]
[Source "ChessBase"]
[SourceDate "2014.11.20"]
[SourceVersion "1"]
[SourceVersionDate "2014.11.20"]
[SourceQuality "1"]
[WhiteTeam "Cheddleton III"]
[BlackTeam "Bradford DCA Knights III"]
[WhiteTeamCountry "ENG"]
[BlackTeamCountry "ENG"]

1. b3 e5 2. Bb2 Nc6 3. e3 Nf6 4. Bb5 Bd6 5. Be2 0-0 6. c4 a5 7. Nc3 Re8 8. d3 Bf8 9. Nf3 d5 10. cxd5 Nxd5 11. 0-0 Nxc3 12. Bxc3 b6 13. a3 Bb7 14. Qc2 Bd6 15. Nd2 Ne7 16. Bf3 Bxf3 17. Nxf3 Nd5 18. Bb2 Qe7 19. Qc6 Nf6 20. Rfc1 Qd7 21. Rc4 Qxc6 22. Rxc6 Nd7 23. Kf1 Nc5 24. Rxc5 bxc5 25. a4 f6 26. Bc3 Reb8 27. Nd2 c4 28. dxc4 Bb4 29. Rc1 Kf7 30. Bxb4 Rxb4 31. Ke2 f5 32. f3 Rd8 33. Rc3 c5 34. g4 g6 35. h4 Rb7 36. Rc2 h6 37. Rc3 Rbd7 38. Rc2 Re8 39. Nf1 e4 40. gxf5 exf3+ 41. Kxf3 gxf5 42. Ng3 Kf6 43. Nh5+ Ke5 44. Nf4 Rb8 45. Rg2 Rxb3 46. Rg6 Rd6 47. Rg7 Rd1 48. Re7+ Kd6 49. Re6+ Kd7 50. Rxh6 Ra3 51. Nd5 Rxd5 1/2-1/2